00000000nam##2200000za#4500
0019.569803
003CaOODSP
00520210624181936
007cr |||||||||||
008150406|2006||||xxc|||||o    f|0| 0 eng|d
040 |aCaOODSP|beng
043 |an-cn---
0861 |aNH18-1/313-2006E-PDF
1102 |aCanada Mortgage and Housing Corporation.
24510|aImpact of water softeners on septic tanks : |h[electronic resource]|bfield evaluation study: final report / |cby Chris Kinsley, Anna Crolla, Doug Joy.
2461 |aImpact of water softeners on septic tanks: final report
260 |aOttawa - Ontario : |bCanada Mortgage and Housing Corporation |c2006.
300 |a40p.|bgraph, references, tables, photographs
4901 |aResearch report
546 |a(Résumé en français)
590 |a11-26-Supp|b2011-11-03
7201 |aKinsley, Chris
7201 |aJoy, Doug
7201 |aCrolla, Anna
830#0|aResearch report (Canada Mortgage and Housing Corporation : Online)|w(CaOODSP)9.506068
85640|ahttp://publications.gc.ca|qPDF|s2.03 MB|uhttps://publications.gc.ca/collections/collection_2011/schl-cmhc/nh18-1/NH18-1-313-2006-eng.pdf